Geography Quiz

Random Geography or Flags Quiz

Pixelated Flags Quiz Stats

 Plays Quiz Updated Oct 25, 2015

Also try: Flags Within Flags
Challenge
Share
Tweet
Score 0/10 Timer 04:00
2 Plays Today
% Correct
Brazil
91.5%
China
81.5%
Norway
79.9%
Slovenia
68.5%
Georgia
67.5%
Canada
60.4%
Kazakhstan
55.4%
Dominican Republic
52.8%
Paraguay
48.3%
Niger
44.7%

You're not logged in!

Compare scores with friends on all Sporcle quizzes.
Join for Free
OR
Log In

You Might Also Like...

Show Comments

Extras

Top Quizzes Today


Score Distribution

Your Account Isn't Verified!

In order to create a playlist on Sporcle, you need to verify the email address you used during registration. Go to your Sporcle Settings to finish the process.

Report this User

Report this user for behavior that violates our Community Guidelines.

Details: